| 000 | 00577cam a2200229ua 4500 | ||
|---|---|---|---|
| 020 | _c32 | ||
| 041 |
_aeng _h |
||
| 082 |
_a633.082 _bPRA/AG |
||
| 100 | _aPrasada Rao, G S L H V. | ||
| 245 | 0 | 0 |
_aAgrometeorology of Plantation crops / _cG,S,L,H,V Prasada rao. _hTextual Documents |
| 250 |
_a1 / _b. |
||
| 260 |
_aThrissur : _bKerala Agricultural University , _c1988. |
||
| 300 | _a187 ; . | ||
| 365 | _a32 | ||
| 504 | _a | ||
| 942 | _cBK | ||
| 999 |
_c1308 _d1308 |
||